000 01668cam a22002653a 4500
001 11667
003 PGUSA
005 20140828083239.0
008 040301s2004||||xxu|||||s|||||000 | eng d
040 _aPGUSA
_beng
042 _adc
050 4 _aLB
100 1 _aAbbott, Jacob,
_d1803-1879
245 1 0 _aGentle Measures in the Management and Training of the Young :
_bOr, the Principles on Which a Firm Parental Authority May Be Established and Maintained, Without Violence or Anger, and the Right Development of the Moral and Mental Capacities Be Promoted by Methods in Harmony with the Structure and the Characteristics of the Juvenile Mind
_h[electronic resource] /
_cJacob Abbott
260 _bProject Gutenberg,
_c2004
505 0 _aThree modes of management -- What are gentle measures? -- There must be authority -- Gentle punishment of disobedience -- The philosophy of punishment -- Rewarding obedience -- The art of training -- Methods exemplified -- Della and the dolls -- Sympathy I: The child with the parent -- Sympathy II: The parent with the child -- Commendation and encouragement -- Faults of immaturity -- The activity of children -- The imagination in children -- Truth and falsehood -- Judgment and reasoning -- Wishes and requests -- Children's questions -- The use of money -- Corporal punishment -- Gratitude in children -- Religious training -- Conclusion.
506 _aPublic domain in the USA.
516 _aElectronic text
653 _aDiscipline of children
653 _aChild rearing
653 _aEducation, Primary
830 0 _aProject Gutenberg
_v11667
856 4 0 _uhttp://www.gutenberg.org/ebooks/11667
942 _cEB
999 _c240922
_d240922